000 01216nam a22003737a 4500
003 CHAP
005 20220329143602.0
008 100726s1977 es a r 00010 spa d
010 _a98892
011 _a99864
020 _a84270470698
035 _a110550
040 _cCHAP
082 1 4 _a581.634
_bT52
100 1 _aTisserand, Robert B.
_9113426
245 1 3 _aLa curación por los olores, aromaterapia
_c/por Robert Tisserand
260 _aBarcelona :
_bMartínez Roca,
_cc1983
300 _a316 p. :
_bilus.
534 _pTít. original :
_tThe art of aromatherapy
590 _aBATCH-UPD
_b10
_c20130110
_lUCH01
_h1154
590 _aBATCH-UPD
_b10
_c20130410
_lUCH01
_h0737
590 _aBATCH-UPD
_b10
_c20130913
_lUCH01
_h1857
590 _aCONVERSION
_b10
_c20130109
_lUCH01
_h1355
650 1 4 _aAceites esenciales.
_9455
650 1 4 _aCompuestos aromáticos.
_926119
650 1 4 _aExtractos vegetales.
_939214
650 1 4 _aFarmacopea.
_939766
650 1 4 _aMedicina alternativa.
_973914
650 1 4 _aPlantas aromáticas.
_988900
650 1 4 _aTerapéutica fisiológica.
_9112346
901 _aBK
942 _cLIBRO
949 _a581.634 T52
_bBC
_cLIBRO
_d33724002177967
_eLIBRO
_gI.c/e
_h112989
_i110550
_sb
999 _c98892
_d98892